• 首页
  • 本馆介绍
  • 公告通知
  • 最新文献
  • 馆藏检索
  • 电子资源
  • 读者导购
  • 参考咨询
  • 我的图书馆
  • 登录
  • 详细信息显示
  • 放入我的书架
  • 预约/预借图书
  • 作者相关作品
  • 分类相关作品
  • 丛书相关作品
  • 出版社相关作品

书目信息

  • 表格格式
  • 工作单格式
  • 卡片格式
题名:
樱花
    
 
作者: ;人民音乐出版社编辑部 编
分册:  
出版信息: 北京   人民音乐出版社  1980
页数: 80页
开本: 19cm
丛书名:
单 册:
中图分类: J052
科图分类:
主题词: 艺术评论 , 艺术--鉴赏
电子资源:
ISBN:
000 00753nam0 2200265 45
001 0180000890
005 20040510091658.4
010    @dCNY0.30
091    @a8026.3711
100    @a19950609d1980 em y0chiy0121 ea
101 0  @achi@ajpn
102    @aCN@b110000
105    @ag z 000yy
106    @ar
200 10 @a樱花@Aying hua@e日汉对照歌曲集@f人民音乐出版社编辑部编
210    @a北京@c人民音乐出版社@d1980
215    @a80页@d19cm
517 1  @a日汉对照歌曲集@Ari han dui zhao ge qu ji
606 0  @a艺术评论
606 0  @a艺术@x鉴赏
690    @aJ052
711 02 @a人民音乐出版社编辑部@Aren min yin yue chu ban she bian ji bu@4编
801  0 @aCN@b上海图书馆@c20040510
801  2 @aCN@bNLC@c20040510
905    @f1@b34736@dJ052@e20@b34732@f1
    
    樱花:日汉对照歌曲集/人民音乐出版社编辑部编.-北京:人民音乐出版社,1980
    80页;19cm
    
    
    ISBN :CNY0.30
    
●
相关链接 在E读中查询图书 在五车中查询图书 在当当中查询图书 在豆瓣中查询图书


正题名:樱花     索取号:J052/20         预约/预借

序号 登录号 条形码 馆藏地/架位号 状态 备注
1 0034732   001226140   第一借阅区/ [索取号:J052/20] 在馆    
2 0034736   001226097   第一样本阅览室/ [索取号:J052/20] 在馆    
唐山师范学院图书馆 欢迎您!
大连网信软件有限公司© 版权所有